000 02294 a2200265 4500
001 2162214035926813
003 UA-OsUOA
005 20260514130645.0
008 260514b un c|||| |||| 00| pdukr d
040 _aUA-OsUOA
_bukr
_cUA-OsUOA
_dUA-OsUOA
041 _aukr
080 _a821.161.2(83)
090 _a821.161.2(83)
_bМ65
100 _aМістраль Г.
_925241
245 _aПоезії
_cупоряд. перед. М. Литвинця
260 _bДніпро
_c1984
_aКиїв
300 _a142 с.
490 _aПерлини світової лірики
520 _aЗбірка представляє українському читачеві самобутню творчість Ґабріели Містраль (1889–1957) — видатної чилійської поетеси, мислительки, педагога та першої серед латиноамериканських письменників лауреатки Нобелівської премії з літератури (1945). До книги увійшли її найкращі ліричні твори з ключових збірок, таких як «Відчай», «Тала» та «Борозна». Поезія Містраль глибоко емоційна, драматична й щира. Вона просякнута темами трагічного кохання, материнства, захисту знедолених, скорботи за втраченим та релігійно-філософських роздумів, що переплітаються з неповторним колоритом латиноамериканської природи. Упорядкування книги та ґрунтовну передмову здійснив відомий український перекладач та поет Михайло Литвинець. Твори подано у перекладах провідних українських майстрів слова.
650 _a82 Література. Літературознавство
_915
700 1 _aЛитвинець М.
_925242
942 _cBK
_2udc
955 _a3
999 _c580703
_d580703